[Event "Quebec op U2000"]
[Site "Montreal"]
[Date "2001.07.23"]
[Round "4"]
[White "Sarra Bournet, Marc"]
[Black "Proulx, Denis"]
[Result "1-0"]
[WhiteElo "1859"]
[BlackElo "1931"]
[PlyCount "71"]
[EventDate "2001.07.21"]
[EventType "swiss"]
[EventRounds "9"]
[EventCountry "CAN"]
[SourceTitle "EXT 2022"]
[Source "ChessBase"]
[SourceDate "2021.10.06"]
[SourceVersion "1"]
[SourceVersionDate "2021.10.06"]
[SourceQuality "1"]

1. e4 c5 2. Nc3 g6 3. f4 Bg7 4. Nf3 Nc6 5. Bc4 e6 6. f5 Ne5 7. Nxe5 Bxe5 8. Qf3 Ne7 9. fxe6 dxe6 10. d3 Nc6 11. 0-0 0-0 12. Ne2 Qc7 13. Bf4 Na5 14. Bb3 b5 15. Nc1 Bb7 16. c3 Nxb3 17. Nxb3 a5 18. Bxe5 Qxe5 19. Rae1 Qc7 20. d4 cxd4 21. cxd4 Rad8 22. Rc1 Qb6 23. Rfd1 f5 24. Nc5 fxe4 25. Qe3 Bd5 26. Nxe4 e5 27. Nc5 exd4 28. Rxd4 Rde8 29. Qd2 Rc8 30. Rxd5 Rf6 31. Qd4 Re6 32. Rd1 Rec6 33. Rd8+ Rxd8 34. Qxd8+ Qxd8 35. Rxd8+ Kf7 36. Rd5 1-0

[Event "Montreal Pere Noel op"]
[Site "Montreal"]
[Date "2000.12.30"]
[Round "5"]
[White "Malveau, Cedric"]
[Black "Proulx, Denis"]
[Result "1-0"]
[WhiteElo "2093"]
[BlackElo "1917"]
[PlyCount "95"]
[EventDate "2000.??.??"]
[EventType "swiss"]
[EventRounds "5"]
[EventCountry "CAN"]
[SourceTitle "EXT 2003"]
[Source "ChessBase"]
[SourceDate "2002.11.25"]
[SourceVersion "1"]
[SourceVersionDate "2002.11.25"]
[SourceQuality "1"]

1. e4 c5 2. Nc3 Nc6 3. g3 e6 4. Bg2 g6 5. d3 Bg7 6. Be3 Qa5 7. Qd2 b5 8. f4 Nge7 9. Nf3 d5 10. exd5 exd5 11. Nd1 Qb6 12. 0-0 0-0 13. c3 a5 14. Kh1 Nf5 15. Bg1 h5 16. Ne3 Be6 17. Nxf5 Bxf5 18. Nh4 Ne7 19. Nxf5 gxf5 20. Rae1 Rfe8 21. Qd1 a4 22. d4 c4 23. a3 Qg6 24. Re3 Bf6 25. Rfe1 Rad8 26. Bf2 Qh6 27. Qf3 Kf8 28. Bh3 h4 29. gxh4 Bxh4 30. Bxh4 Qxh4 31. Qg3 Ng6 32. Rxe8+ Rxe8 33. Rxe8+ Kxe8 34. Bxf5 Qxf4 35. Qxf4 Nxf4 36. Kg1 Ke7 37. Kf2 Kf6 38. Bd7 Nd3+ 39. Ke3 Kg5 40. Bxb5 f5 41. Bxa4 Nxb2 42. Bc6 f4+ 43. Kf3 Nd1 44. Bxd5 Nxc3 45. Bxc4 Nb1 46. h4+ Kxh4 47. Kxf4 Nxa3 48. Bd3 1-0

[Event "Montreal Pere Noel op"]
[Site "Montreal"]
[Date "2000.12.29"]
[Round "4"]
[White "Proulx, Denis"]
[Black "Lezaic, Jovan"]
[Result "0-1"]
[WhiteElo "1917"]
[BlackElo "1818"]
[PlyCount "96"]
[EventDate "2000.??.??"]
[EventType "swiss"]
[EventRounds "5"]
[EventCountry "CAN"]
[SourceTitle "EXT 2003"]
[Source "ChessBase"]
[SourceDate "2002.11.25"]
[SourceVersion "1"]
[SourceVersionDate "2002.11.25"]
[SourceQuality "1"]

1. e4 c6 2. d4 d5 3. exd5 Qxd5 4. c4 Qd6 5. b3 Nf6 6. Ba3 Qc7 7. Bd3 Bg4 8. Qc2 Nbd7 9. Bb2 e6 10. Bc3 Be7 11. Nd2 Rc8 12. Ngf3 Bxf3 13. Nxf3 c5 14. 0-0 0-0 15. Rad1 cxd4 16. Bxd4 b6 17. Rfe1 Bb4 18. Re2 h6 19. Qb2 Rfd8 20. a3 Bc5 21. Bc3 Bf8 22. Bb1 Be7 23. Nd4 Nf8 24. Rde1 Rd7 25. Nb5 Qd8 26. a4 Ne8 27. Qc2 a6 28. Nd4 Rxd4 29. Bxd4 Qxd4 30. Rd2 Qf6 31. Re3 g6 32. Rf3 Qg7 33. Qe4 Nd6 34. Qe2 a5 35. h4 h5 36. Rfd3 Ne8 37. Qe4 Rb8 38. Bc2 Qf6 39. g3 Bb4 40. Rd1 Bc5 41. Rf3 Qg7 42. Qf4 e5 43. Qe4 f5 44. Qd5+ Kh8 45. Rfd3 e4 46. R3d2 e3 47. Re2 exf2+ 48. Kf1 Nf6 0-1

[Event "Montreal Ledain Memorial"]
[Site "Montreal"]
[Date "1981.02.24"]
[Round "4"]
[White "Morin, Louis"]
[Black "Proulx, Denis"]
[Result "1-0"]
[WhiteElo "1748"]
[BlackElo "1873"]
[PlyCount "77"]
[EventDate "1981.02.03"]
[EventType "swiss"]
[EventRounds "5"]
[EventCountry "CAN"]
[SourceTitle "EXT 2022"]
[Source "ChessBase"]
[SourceDate "2021.10.06"]
[SourceVersion "1"]
[SourceVersionDate "2021.10.06"]
[SourceQuality "1"]

1. e4 c5 2. c3 Nf6 3. e5 Nd5 4. d4 cxd4 5. Qxd4 e6 6. Bc4 Nc6 7. Qe4 Nde7 8. f4 Nf5 9. Qe2 Bc5 10. Nf3 a6 11. Nbd2 b5 12. Bd3 0-0 13. Ne4 Be7 14. g4 Nh4 15. Be3 Nxf3+ 16. Qxf3 Bb7 17. Qh3 g6 18. g5 Kh8 19. Bc5 Rg8 20. Bxe7 Qxe7 21. Nf6 Rg7 22. Rg1 Qc5 23. Rg4 Nxe5 24. fxe5 Qxe5+ 25. Kd2 b4 26. Kc2 Rc8 27. c4 Bc6 28. Rf1 Ba4+ 29. Kb1 b3 30. a3 d5 31. Qg3 Qxg3 32. hxg3 dxc4 33. Rxc4 Rxc4 34. Bxc4 Bb5 35. Bxb5 axb5 36. Rd1 Rg8 37. Nxg8 Kxg8 38. Rf1 e5 39. Kc1 1-0